| 000 | 01376nam a2200253Ia 4500 | ||
|---|---|---|---|
| 999 |
_c52936 _d52936 |
||
| 001 | 19966 | ||
| 003 | GE_BSU | ||
| 005 | 20200521221117.0 | ||
| 008 | 181216s1990||||ge |||||||||||||| ||geo|| | ||
| 040 | _cGE_BSU | ||
| 041 | _ageo | ||
| 080 | _a81'374.3=353.1 ქ-27 | ||
| 245 |
_aქართული ენის განმარტებითი ლექსიკონი : ერთტომეული ნაკვ. 1 : _b ა - ლ / _cმთ. რედ. არნ. ჩიქობავა ; რედ. მ. ჭაბაშვილი ; სარედ. კოლ. : ირ. აბაშიძე [და სხვ.]. |
||
| 264 |
_aთბილისი : _bქართული ენციკლოპედია, _c1990. |
||
| 300 |
_a608 გვ. ; _c21 სმ. |
||
| 541 | _h10ლ. | ||
| 653 | _aქართული ენა | ||
| 653 | _aქართული ენის განმარტებითი ლექსიკონი | ||
| 700 |
_aჩიქობავა, არნ. _eმთავარი რედაქტორი _97708 |
||
| 700 |
_aჭაბაშვილი, მ. _eრედაქტორი _98021 |
||
| 710 |
_aსაქ. სსრ მეცნიერების აკადემია _98159 |
||
| 710 |
_aენათმეცნიერების ინსტიტუტი _98160 |
||
| 942 |
_cBK _2udc |
||